Loading...
| Literature - World Literature | 0 | 7 | 1 | 1 | 65 | 92 | 128.29 | 0 | 2 |
| Literature - European Literature | 0 | 6 | 1 | 1 | 55 | 88 | 139.50 | 0 | 2 |
| Religion | 0 | 5 | 0 | 2 | 50 | 100 | 131.40 | 0 | 1 |
| History - American History | 0 | 4 | 0 | 2 | 40 | 116 | 135.50 | 0 | 0 |
| Philosophy | 0 | 5 | 2 | 0 | 40 | 82 | 112.00 | 1 | 1 |
| Literature - British Literature | 0 | 5 | 2 | 1 | 40 | 118 | 131.60 | 0 | 1 |
| Literature - American Literature | 0 | 3 | 0 | 2 | 30 | 147 | 150.33 | 0 | 0 |
| Social Science | 0 | 3 | 1 | 0 | 25 | 93 | 94.33 | 0 | 1 |
| Other Academic | 0 | 2 | 0 | 1 | 20 | 85 | 118.50 | 0 | 0 |
| Geography | 0 | 2 | 1 | 0 | 15 | 85 | 92.00 | 0 | 0 |
| History - European History | 0 | 1 | 0 | 0 | 10 | 81 | 81.00 | 0 | 0 |
| Fine Arts - Classical Music | 0 | 1 | 0 | 0 | 10 | 137 | 137.00 | 0 | 0 |
| Current Events | 0 | 1 | 0 | 1 | 10 | 128 | 128.00 | 0 | 0 |
| History - Other History | 0 | 1 | 0 | 1 | 10 | 162 | 162.00 | 0 | 0 |
| History - World History | 0 | 1 | 0 | 0 | 10 | 94 | 94.00 | 0 | 0 |
| Science - Other Science | 0 | 1 | 2 | 0 | 0 | 82 | 82.00 | 0 | 0 |
| Science - Biology | 0 | 1 | 2 | 0 | 0 | 138 | 138.00 | 0 | 0 |